El Paisaje como tema urbanístico /
Colección:
San Jorge,
; núm. 8 (octubre 1952), pàg 29-37
Idioma:
Español
MARC
| LEADER | 00000naa a2200000 a 4500 | ||
|---|---|---|---|
| 003 | Arxiu | ||
| 005 | 20260324181028.0 | ||
| 008 | 160829s1952 spcaxx s spa c | ||
| 040 | |a agdb | ||
| 100 | 1 | |a Baldrich i Tibau, Manuel, |d 1911-1966 |9 21224 | |
| 245 | 1 | 3 | |a El Paisaje como tema urbanístico / |c por Manuel Baldrich Tibau, arquitecto provincial |
| 490 | |a San Jorge, |v núm. 8 (octubre 1952), pàg 29-37 | ||
| 590 | |a Conté 11 fotografies. | ||
| 650 | 0 | |a Paisatge |z Catalunya |9 8058 | |
| 650 | 0 | |a Urbanisme |z Catalunya |9 8059 | |
| 773 | |g Núm. 8 (octubre 1952), pàg 29 - 37 |t San Jorge. | ||
| 901 | |a Arxiu | ||
| 942 | |n 1 |2 udc |c ART | ||
| 952 | |0 0 |1 0 |4 0 |7 1 |9 64263 |a Arxiu |b Arxiu |d 2022-11-21 |o Rev-508 |r 2022-11-21 00:00:00 |w 2022-11-21 |y ARXIU |z També disponible a Rev-521 | ||
| 999 | |c 44696 |d 44696 | ||